History Quiz

Random History or College Quiz

Presidents of Middlebury College Quiz Stats

 Plays Quiz not verified by Sporcle

Challenge
Share
Tweet
Embed
Score 0/16 Timer 05:00
0 Plays Today
Year President % Correct
1991John McCardell, Jr.
85.7%
2004Ronald Liebowitz
85.7%
1800Jeremiah Atwater
71.4%
1885Ezra Brainerd
71.4%
1809Henry Davis
28.6%
1921Paul Moody
28.6%
1990Timothy Light
28.6%
1908John Thomas
21.4%
Year President % Correct
1975Olin Robison
21.4%
1818Joshua Bates
7.1%
1840Benjamin Labaree
7.1%
1866Harvey Kitchel
7.1%
1875Calvin Hulbert
7.1%
1880Cyrus Hamlin
7.1%
1963James Armstrong
7.1%
1943Samuel Stratton
7.1%

You're not logged in!

Compare scores with friends on all Sporcle quizzes.
Join for Free
OR
Log In

You Might Also Like...

Show Comments

Extras

Top Quizzes Today


Score Distribution

Your Account Isn't Verified!

In order to create a playlist on Sporcle, you need to verify the email address you used during registration. Go to your Sporcle Settings to finish the process.

Report this User

Report this user for behavior that violates our Community Guidelines.

Details: